| 000 | 00590cab a2200205 4500 | ||
|---|---|---|---|
| 001 | WB2320-38 | ||
| 008 | 090401t1987 xxu||||| |||| 00| 0 eng d | ||
| 035 | _a(Sirsi) u50968 | ||
| 041 | _aeng | ||
| 245 | _aBank warning on property funding | ||
| 260 | _c1987 | ||
| 350 | _a0 | ||
| 490 |
_aFinancial Times _v20/5/87 p6 |
||
| 520 | _aThe Governor of the Bank of England has expressed concern over the increase in bank financing of property development s. | ||
| 650 | _aBANK LENDING | ||
| 650 | _aFINANCE | ||
| 690 | _aPROPERTY LAW AND PRACTICE | ||
| 942 | _n0 | ||
| 948 | _c04/03/1997 | ||
| 999 |
_c31807 _d31807 |
||